Military Expenditure and Public debt nexus: evidence from Pakistan (Record no. 331581)
[ view plain ]
| 000 -LEADER | |
|---|---|
| fixed length control field | 00660nam a22002177a 4500 |
| 003 - CONTROL NUMBER IDENTIFIER | |
| control field | NUST |
| 005 - DATE AND TIME OF LATEST TRANSACTION | |
| control field | 20230225172804.0 |
| 008 - FIXED-LENGTH DATA ELEMENTS--GENERAL INFORMATION | |
| fixed length control field | 171004b xxu||||| |||| 00| 0 eng d |
| 038 ## - RECORD CONTENT LICENSOR | |
| Staff Name | Attaullah. |
| 040 ## - CATALOGING SOURCE | |
| Transcribing agency | NUST |
| 082 ## - DEWEY DECIMAL CLASSIFICATION NUMBER | |
| Classification number | 330 |
| 100 ## - MAIN ENTRY--PERSONAL NAME | |
| Personal name | Safdar, Nimra |
| 9 (RLIN) | 5246 |
| 245 ## - TITLE STATEMENT | |
| Title | Military Expenditure and Public debt nexus: evidence from Pakistan |
| Statement of responsibility, etc. | Nimra Safdar. |
| 260 ## - PUBLICATION, DISTRIBUTION, ETC. | |
| Place of publication, distribution, etc. | Islamabad : |
| Date of publication, distribution, etc. | 2013 |
| Name of publisher, distributor, etc. | S3H - NUST, |
| 300 ## - PHYSICAL DESCRIPTION | |
| Extent | 37p. : ill. ; |
| Dimensions | 30cm. |
| 500 ## - GENERAL NOTE | |
| General note | Hard Cover. |
| 650 ## - SUBJECT ADDED ENTRY--TOPICAL TERM | |
| Topical term or geographic name entry element | Economics - MS Thesis. |
| 9 (RLIN) | 17366 |
| 700 ## - ADDED ENTRY--PERSONAL NAME | |
| Personal name | Dr. Ashfaque Hassan Khan. |
| 9 (RLIN) | 17420 |
| 856 ## - ELECTRONIC LOCATION AND ACCESS | |
| Uniform Resource Identifier | <a href="http://10.250.8.41:8080/xmlui/handle/123456789/30517">http://10.250.8.41:8080/xmlui/handle/123456789/30517</a> |
| 942 ## - ADDED ENTRY ELEMENTS (KOHA) | |
| Source of classification or shelving scheme | |
| Koha item type | Thesis |
| Withdrawn status | Lost status | Source of classification or shelving scheme | Damaged status | Not for loan | Permanent Location | Current Location | Shelving location | Date acquired | Full call number | Barcode | Date last seen | Price effective from | Koha item type |
|---|---|---|---|---|---|---|---|---|---|---|---|---|---|
| Central Library (CL) | Central Library (CL) | Thesis | 07/12/2019 | 330 | CL-T-2466 | 07/19/2019 | 07/12/2019 | Thesis |
